Harry Potter Quiz (based on the book.) - Statistics

General Stats
  • This quiz has been taken 47 times
  • The average score is 13 of 15
Answer Stats
Hint Answer % Correct
"Why couldn't it be follow the butterflies!" ron
100%
"Or worse we could get expelled." hermione
98%
"I can see them too." luna
98%
"You dare use my own spells against me Potter?" snape
98%
"I should not have said that, should not have said that." hagrid
95%
"How dare you stand were he stood!" harry
95%
"Filthy mudblood." draco
93%
"It does not to dwell on dreams and forget to live." dumbledore
93%
"You shall not harm Harry potter!" dobby
89%
"We know we are Gred and Forge fred and george
89%
"AAAAVADA KEDAVRA!" voldemort
89%
"Lets all throw books at her because she cant feel it!" myrtle
82%
"WHERE HAVE YOU BEEN!" molly
80%
"Hoot." hedwig
70%
"hhhhhhhhhuuuuuuuuuuuuuuugggghhhh" dementor
5%
No matching quizzes found
Score Distribution
Percent of People with Each Score
Percentile by Number Answered
Your Score History
You have not taken this quiz